Vplyv novej inštitucionalizácie vedy a výskumu na vzdelávanie v procese vytvárania poznatkovej ekonomiky
Nová inštitucionalizácia vedy a výskumu a vzdelávania.
Na minha lista:
| Autor principal: | |
|---|---|
| Outros Autores: | |
| Formato: | Capítulo de Livro |
| Idioma: | eslovaco |
| Assuntos: | |
| Tags: |
Sem tags, seja o primeiro a adicionar uma tag!
|
MARC
| LEADER | 00000naa a2200000 4500 | ||
|---|---|---|---|
| 001 | 0182640 | ||
| 005 | 20230908075845.0 | ||
| 041 | 0 | |a slo | |
| 044 | |a CZ | ||
| 245 | 1 | 0 | |a Vplyv novej inštitucionalizácie vedy a výskumu na vzdelávanie v procese vytvárania poznatkovej ekonomiky |c Miloslav Rosenberg, Ľubica Zubaľová |
| 520 | |a Nová inštitucionalizácia vedy a výskumu a vzdelávania. | ||
| 610 | 2 | 0 | |a veda |
| 610 | 2 | 0 | |a výskum |
| 610 | 2 | 0 | |a ekonomika znalostná |
| 610 | 2 | 0 | |a školy vysoké |
| 610 | 2 | 0 | |a politika vzdelávania |
| 100 | 1 | |a Rosenberg, Miloslav | |
| 700 | 1 | |a Zubaľová, Ľubica, 1969- | |